[Event "50th Hastings it"]
[Site "Hastings ENG"]
[Date "1974.12.28"]
[Round "1"]
[White "Basman, Michael John"]
[Black "Diesen, Mark"]
[Result "1/2-1/2"]
[WhiteElo "2400"]
[BlackElo "2295"]
[EventDate "1974.12.28"]
[PlyCount "76"]

1.e4 e5 2.f4 d5 3.exd5 c6 4.Nc3 exf4 5.Nf3 Nf6 6.d4 Bd6 7.Qe2+ Qe7 8.Qxe7+
Kxe7 9.dxc6 Nxc6 10.Bd2 Bg4 11.Ne2 Ne4 12.c3 g5 13.Neg1 Kf6 14.Bd3 Bf5 15.
Ne2 Rae8 16.Bxe4 Bxe4 17.Kf2 Re7 18.b3 Rhe8 19.Rhe1 b5 20.g3 Bxf3 21.Kxf3 
g4+ 22.Kf2 f3 23.Nf4 Bxf4 24.Bxf4 Rxe1 25.Rxe1 Rxe1 26.Kxe1 Ke6 27.Kd2 b4 
28.Be3 bxc3+ 29.Kxc3 Kd5 30.Bf2 Ne7 31.a4 Nf5 32.Kd3 Nd6 33.Be3 Ne4 34.b4 
f2 ( {Not} 34...f5 35.Kc2 Kc4 36.d5 Kxb4 37.Bxa7 Kxa4 {?-? as given in Big
Database 2020} ) 35.Ke2 Kc4 $2 ( 35...Nc3+ 36.Kxf2 Nxa4 $19 ) 36.d5 Kxb4 
37.Bxa7 Kxa4 38.Bxf2 Kb5 1/2-1/2

[Event "50th Hastings it"]
[Site "Hastings ENG"]
[Date "1974.12.28"]
[Round "1"]
[White "Benko, Pal"]
[Black "Mestel, Andrew Jonathan"]
[Result "1-0"]
[WhiteElo "2510"]
[BlackElo "2270"]
[EventDate "1974.12.28"]
[WhiteTitle "GM"]
[PlyCount "97"]

1.c4 e5 2.d3 Nf6 3.Nf3 Nc6 4.g3 d5 5.cxd5 Nxd5 6.Bg2 g6 7.O-O Bg7 8.Nc3 
Nde7 9.Rb1 a5 10.b3 Nd4 11.Ba3 Bg4 12.Nd2 Rb8 13.h3 Be6 14.Rc1 O-O 15.Kh2 
Re8 16.e3 Ndc6 17.Nc4 Nd5 18.Nxd5 Bxd5 19.Bxd5 Qxd5 20.Nb2 Rbd8 21.Qe2 Rd7
22.Rc5 Qe6 23.Rc2 e4 24.d4 Bxd4 25.Rxc6 Qxc6 26.exd4 Rxd4 27.Nc4 Qd5 28.
Bb2 Rd3 29.Ne3 Qd6 30.Ba1 Re6 31.Kg1 h5 32.Rc1 c6 33.Bc3 h4 34.g4 b5 35.g5
b4 36.Bf6 Qf4 37.Qg4 Qxg4+ 38.hxg4 Rd2 39.Kg2 Rxa2 40.Rd1 Re8 41.Rh1 Re6 
42.Rxh4 Rxf6 43.gxf6 a4 44.bxa4 b3 45.Rh1 Rxa4 46.Kg3 Ra6 47.Nc4 g5 48.Ne3
c5 49.Nd5 1-0

[Event "50th Hastings it"]
[Site "Hastings ENG"]
[Date "1974.12.28"]
[Round "1"]
[White "Csom, Istvan"]
[Black "Planinc, Albin"]
[Result "1/2-1/2"]
[WhiteElo "2540"]
[BlackElo "2545"]
[EventDate "1974.12.28"]
[WhiteTitle "GM"]
[BlackTitle "GM"]
[PlyCount "35"]

1.Nf3 g6 2.c4 Bg7 3.d4 Nf6 4.g3 O-O 5.Bg2 d6 6.Nc3 Nbd7 7.O-O e5 8.e4 exd4
9.Nxd4 Re8 10.h3 Nc5 11.Re1 a5 12.Rb1 Bd7 13.f3 c6 14.Be3 Qc7 15.Bf2 Re7 
16.Rc1 Rae8 ( 16...Qc8 17.h4 {is given as the finish in Big Database 2020 
but the bulletin gives the text - JS} ) 17.Rc2 Qc8 18.h4 1/2-1/2

[Event "50th Hastings it"]
[Site "Hastings ENG"]
[Date "1974.12.29"]
[Round "2"]
[White "Botterill, George Steven"]
[Black "Hort, Vlastimil"]
[Result "1-0"]
[WhiteElo "2410"]
[BlackElo "2600"]
[EventDate "1974.12.28"]
[BlackTitle "GM"]
[PlyCount "77"]

1.e4 c6 2.d4 d5 3.exd5 cxd5 4.Bd3 Nf6 5.c3 g6 6.Bf4 Bf5 7.Bxf5 gxf5 8.Ne2 
Nbd7 9.Nd2 Bg7 10.Ng3 e6 11.Qe2 O-O 12.O-O Rc8 13.Rad1 Kh8 14.Nf3 Rg8 15.
Ng5 Qf8 16.Rd3 h6 17.Nf3 Kh7 18.Nh4 Rc6 19.Re1 Bh8 20.Nhxf5 exf5 21.Nxf5 
Bg7 22.Qc2 Ne4 23.f3 Ng5 24.Bxg5 hxg5 25.Ne7 Rg6 26.Nxg6 fxg6 27.Qb3 Nb6 
28.Rde3 Bf6 29.a4 Rg7 30.Qb5 Qd8 31.Re8 Qd7 32.R8e6 Bd8 33.Qb4 Nc4 34.b3 
a5 35.Qf8 Rg8 36.Re7+ Bxe7 37.Rxe7+ Qxe7 38.Qxe7+ Rg7 39.Qc5 {time} 1-0

[Event "50th Hastings it"]
[Site "Hastings ENG"]
[Date "1974.12.29"]
[Round "2"]
[White "Diesen, Mark"]
[Black "Hartston, William Roland"]
[Result "1/2-1/2"]
[WhiteElo "2295"]
[BlackElo "2480"]
[EventDate "1974.12.28"]
[BlackTitle "IM"]
[PlyCount "45"]

1.e4 c5 2.Nf3 e6 3.d4 cxd4 4.Nxd4 Nc6 5.Nb5 d6 6.c4 Nf6 7.N1c3 a6 8.Nd4 
Bd7 9.Be2 Rc8 10.Nb3 Ne5 11.Nd2 Be7 12.O-O O-O 13.Kh1 Ng6 14.f4 Qc7 15.b3 
b5 16.Bb2 bxc4 17.Nxc4 d5 18.exd5 exd5 19.Nxd5 Nxd5 20.Qxd5 Bc6 21.Qd4 Bf6
22.Qf2 Bh4 23.Qd4 1/2-1/2

[Event "50th Hastings it"]
[Site "Hastings ENG"]
[Date "1974.12.29"]
[Round "2"]
[White "Gonzales, Guillermo Garcia"]
[Black "Csom, Istvan"]
[Result "1-0"]
[WhiteElo "2450"]
[BlackElo "2540"]
[EventDate "1974.12.28"]
[BlackTitle "GM"]
[PlyCount "79"]

1.c4 Nf6 2.Nc3 e6 3.e4 c5 4.e5 Ng8 5.Nf3 Nc6 6.d3 d6 7.exd6 Bxd6 8.d4 cxd4
9.Nxd4 Nf6 10.Be2 O-O 11.Nxc6 bxc6 12.O-O Qc7 13.h3 Rb8 14.Qc2 a6 15.b3 c5
16.Bf3 Bh2+ 17.Kh1 Be5 18.Bb2 Rd8 19.Rad1 Bb7 20.Bxb7 Qxb7 21.Rfe1 Bd4 22.
Na4 Qc6 23.Qe2 Rd7 24.Bxd4 cxd4 25.Nb2 Rbd8 26.Nd3 Qc7 27.Qf3 Rd6 28.Rc1 
a5 29.a3 Rc6 30.Qe2 Rb8 31.Qa2 Qa7 32.Re2 Nd7 33.b4 axb4 34.axb4 Ra6 35.
Qd2 Nb6 36.Qf4 Rd8 37.b5 Ra4 38.Rec2 f6 39.Qe4 e5 40.f4 {time} 1-0

[Event "50th Hastings it"]
[Site "Hastings ENG"]
[Date "1974.12.29"]
[Round "2"]
[White "Planinc, Albin"]
[Black "Basman, Michael John"]
[Result "0-1"]
[WhiteElo "2545"]
[BlackElo "2400"]
[EventDate "1974.12.28"]
[WhiteTitle "GM"]
[PlyCount "60"]

1.e4 c5 2.Nf3 Nf6 3.Nc3 b6 4.e5 Ng8 5.Bc4 Bb7 6.O-O Nc6 7.Re1 Qc8 8.Ne4 e6
9.b3 f5 10.exf6 Nxf6 11.Neg5 Be7 12.Bb2 Qc7 13.d4 h6 14.Nh3 cxd4 15.Nxd4 
Nxd4 16.Bxd4 O-O 17.Qd3 d5 18.Ba6 Bxa6 19.Qxa6 Ng4 20.g3 e5 21.Qe2 Qd7 22.
f3 Bb4 23.c3 exd4 24.cxb4 Rae8 25.Qd2 Ne5 26.Rxe5 Rxe5 27.Qxd4 Re2 28.Nf4 
Rxf4 29.gxf4 Qf5 30.Kh1 Qh5 0-1

[Event "50th Hastings it"]
[Site "Hastings ENG"]
[Date "1974.12.29"]
[Round "2"]
[White "Stean, Michael Francis"]
[Black "Vaganian, Rafael"]
[Result "1/2-1/2"]
[WhiteElo "2345"]
[BlackElo "2540"]
[EventDate "1974.12.28"]
[BlackTitle "GM"]
[PlyCount "88"]

1.e4 e6 2.d4 d5 3.Nd2 c5 4.exd5 exd5 5.Ngf3 Nc6 6.Bb5 Bd6 7.dxc5 Bxc5 8.
O-O Ne7 9.Nb3 Bd6 10.Bxc6+ bxc6 11.Qd4 O-O 12.Bf4 Nf5 13.Qd2 Qb6 14.Nfd4 
Be7 15.Rfe1 Nxd4 16.Qxd4 Be6 17.Be3 Bf6 18.Qd2 Qc7 19.Bd4 Bxd4 20.Nxd4 
Rfe8 21.b4 a5 22.a3 c5 23.bxc5 Qxc5 24.h3 Bd7 25.Rxe8+ Bxe8 26.Nb3 Qb5 27.
a4 Qd7 28.Nxa5 Qd8 29.Nb3 Bxa4 30.Nd4 Bd7 31.Rxa8 Qxa8 32.Qf4 f6 33.Kh2 
Qe8 34.Nf3 Qe6 35.Qc7 Kf7 36.c3 Ke7 37.Kg1 Qd6 38.Qxd6+ Kxd6 39.Kf1 Kc5 
40.Ke1 g5 41.Kd2 h5 42.Nd4 Kc4 43.Nf3 Bf5 44.h4 Be4 1/2-1/2

[Event "50th Hastings it"]
[Site "Hastings ENG"]
[Date "1974.12.30"]
[Round "3"]
[White "Andersson, Ulf"]
[Black "Diesen, Mark"]
[Result "1-0"]
[WhiteElo "2580"]
[BlackElo "2295"]
[EventDate "1974.12.28"]
[WhiteTitle "GM"]
[PlyCount "113"]

1.Nf3 Nf6 2.c4 e6 3.b3 d5 4.Bb2 Be7 5.cxd5 exd5 6.e3 O-O 7.Be2 Re8 8.O-O 
Nbd7 9.d3 Bd6 10.Nbd2 c5 11.d4 b6 12.Rc1 Bb7 13.Rc2 Ne4 14.Qa1 Nxd2 15.
Rxd2 Nf6 16.Rc2 Bf8 17.Rd1 Rc8 18.Nd2 Qd6 19.dxc5 bxc5 20.Bf3 Qe6 21.Bxf6 
gxf6 22.Nf1 Qf5 23.Rcd2 Re5 24.Ng3 Qg5 25.Bxd5 Rxd5 26.Rxd5 Bxd5 27.h4 
Qxh4 28.Rxd5 c4 29.Rd4 Qg5 30.bxc4 Qg6 31.Qd1 Rc5 32.Rg4 Rg5 33.Rxg5 fxg5 
34.e4 h6 35.Nf5 Qa6 36.Qe2 Bc5 37.g3 Kh7 38.Kg2 Kg6 39.Qc2 Qe6 40.Qd3 h5 
41.Qd5 Bb6 42.f4 Qf6 43.Qd6 Qxd6 44.Nxd6 gxf4 45.gxf4 Kf6 46.Nf5 Bc7 47.
Kf3 a5 48.c5 a4 49.Nd4 h4 50.Kg4 h3 51.e5+ Ke7 52.Kxh3 f6 53.exf6+ Kxf6 
54.Kg4 Ba5 55.c6 Ke7 56.Nb5 Bb4 57.f5 1-0

[Event "50th Hastings it"]
[Site "Hastings ENG"]
[Date "1974.12.30"]
[Round "3"]
[White "Basman, Michael John"]
[Black "Gonzales, Guillermo Garcia"]
[Result "0-1"]
[WhiteElo "2400"]
[BlackElo "2450"]
[EventDate "1974.12.28"]
[PlyCount "56"]

1.e4 e5 2.f4 d5 3.Nc3 d4 4.Nce2 Nc6 5.Nf3 Bd6 6.fxe5 Bxe5 7.c3 d3 8.Ned4 
Bxd4 9.cxd4 Nxd4 10.Bxd3 Nxf3+ 11.Qxf3 Nf6 12.Bc2 O-O 13.d3 Ng4 14.O-O Qd6
15.Qg3 Qc5+ 16.Kh1 Qxc2 17.h3 Rd8 18.hxg4 Rxd3 19.Qf4 Be6 20.Be3 Qe2 21.
Rae1 Qxg4 22.Qxc7 Qxe4 23.Bxa7 Qc6 24.Qf4 Qd6 25.Qf2 Rd5 26.Kg1 Rh5 27.g3 
Bd5 28.Re4 Bxe4 0-1

[Event "50th Hastings it"]
[Site "Hastings ENG"]
[Date "1974.12.30"]
[Round "3"]
[White "Beliavsky, Alexander"]
[Black "Stean, Michael Francis"]
[Result "1/2-1/2"]
[WhiteElo "2460"]
[BlackElo "2345"]
[EventDate "1974.12.28"]
[WhiteTitle "IM"]
[PlyCount "68"]

1.d4 Nf6 2.c4 c5 3.Nf3 cxd4 4.Nxd4 Nc6 5.Nc3 g6 6.e4 d6 7.Be2 Nxd4 8.Qxd4 
Bg7 9.Be3 O-O 10.Qd2 Be6 11.O-O Qa5 12.Rac1 Rfc8 13.b3 a6 14.f4 b5 15.f5 
Bd7 16.b4 Qxb4 17.e5 dxe5 18.fxg6 Be6 19.gxf7+ Bxf7 20.Bf3 Rd8 21.Qf2 Rac8
22.c5 Rd3 23.Ne4 Nxe4 24.Bxe4 Qxe4 25.Qxf7+ Kh8 26.Bg5 Qc6 27.Qh5 e4 28.
Rf7 Rd5 29.h4 Rxc5 30.Rcf1 Qg6 31.Qxg6 hxg6 32.Rxe7 Rf5 33.Rxe4 Rc2 34.a4 
Rxf1+ 1/2-1/2

[Event "50th Hastings it"]
[Site "Hastings ENG"]
[Date "1974.12.30"]
[Round "3"]
[White "Csom, Istvan"]
[Black "Botterill, George Steven"]
[Result "0-1"]
[WhiteElo "2540"]
[BlackElo "2410"]
[EventDate "1974.12.28"]
[WhiteTitle "GM"]
[PlyCount "86"]

1.b3 e5 2.Bb2 Nc6 3.e3 d5 4.Bb5 Bd6 5.Ne2 Ne7 6.c4 a6 7.cxd5 axb5 8.dxc6 
Nxc6 9.Nbc3 b4 10.Ne4 O-O 11.O-O Be7 12.Qc2 f5 13.N4g3 Be6 14.f4 e4 15.Nc1
Ra5 16.d3 exd3 17.Nxd3 Qa8 18.Rad1 Rxa2 19.Nc1 Bf6 20.Nxa2 Qxa2 21.Rd2 
Bxb2 22.Qxb2 Qxb3 23.Qxb3 Bxb3 24.Ne2 Re8 25.Kf2 Be6 26.Rb1 b3 27.Nd4 Nxd4
28.exd4 Bd5 29.Re2 Ra8 30.Ke3 Ra2 31.Rbb2 Kf7 32.Kd3 Rxb2 33.Rxb2 Be4+ 34.
Kc4 Bc2 35.Kd5 Ke7 36.h3 h5 37.g3 Kd7 38.Kc5 c6 39.d5 cxd5 40.Kxd5 Kc7 41.
Ke6 Kc6 42.Kf7 Kc5 43.Kxg7 Kd4 {(not played on 30 December - postponed to 
a later date - probably 6 January)} 0-1

[Event "50th Hastings it"]
[Site "Hastings ENG"]
[Date "1974.12.30"]
[Round "3"]
[White "Hartston, William Roland"]
[Black "Planinc, Albin"]
[Result "1-0"]
[WhiteElo "2480"]
[BlackElo "2545"]
[EventDate "1974.12.28"]
[WhiteTitle "IM"]
[BlackTitle "GM"]
[PlyCount "79"]

1.e4 Nf6 2.e5 Nd5 3.d4 d6 4.c4 Nb6 5.exd6 cxd6 6.Be3 g6 7.h4 Bg7 8.h5 Nc6 
9.Nc3 O-O 10.Qd2 e5 11.d5 Nd4 12.O-O-O Bd7 13.b3 Nf5 14.hxg6 hxg6 15.Nf3 
Qe7 16.Bg5 f6 17.Be3 e4 18.Nh4 Nxe3 19.fxe3 Qf7 20.g4 Bxg4 21.Be2 f5 22.
Rdg1 Qf6 23.Bxg4 fxg4 24.Rxg4 Qxc3+ 25.Qxc3 Bxc3 26.Rxg6+ Kf7 27.Rxd6 Rae8
28.c5 Nc8 29.Rf1+ Kg8 30.Rg1+ Kh7 31.Rd7+ Re7 32.Ng6 Rg8 33.Nxe7 Rxg1+ 34.
Kc2 Rg7 35.d6 Bb4 36.Rxb7 Bxc5 37.d7 Nd6 38.Rc7 Nb7 39.Nf5 Rg2+ 40.Kc3 1-0

[Event "50th Hastings it"]
[Site "Hastings ENG"]
[Date "1974.12.30"]
[Round "3"]
[White "Vaganian, Rafael"]
[Black "Miles, Anthony John"]
[Result "0-1"]
[WhiteElo "2540"]
[BlackElo "2410"]
[EventDate "1974.12.28"]
[WhiteTitle "GM"]
[BlackTitle "IM"]
[PlyCount "126"]

1.d4 d5 2.c4 c6 3.Nc3 Nf6 4.e3 e6 5.Nf3 Nbd7 6.Bd3 Bd6 7.e4 dxe4 8.Nxe4 
Nxe4 9.Bxe4 O-O 10.O-O c5 11.Bc2 Qc7 12.Re1 Rd8 13.dxc5 Bxc5 14.Qe2 Nf8 
15.Bd2 b6 16.Rad1 Bb7 17.Be4 Ng6 18.h4 Bxe4 19.Qxe4 Re8 20.b4 f5 21.Qe2 
Bd6 22.h5 Nf8 23.h6 gxh6 24.Nd4 a6 25.a3 Bh2+ 26.Kh1 Bf4 27.Bc3 Rac8 28.
Ba1 Bg5 29.Nf3 Ng6 30.Qb2 e5 31.c5 bxc5 32.bxc5 Qxc5 33.Nxe5 Nxe5 34.Rxe5 
Rxe5 35.Qxe5 Qxe5 36.Bxe5 Rc1 37.Rxc1 Bxc1 38.Bd6 Kf7 39.Kh2 Ke6 40.Bf8 
Kd5 41.Kg3 Kc4 42.Kh4 Kb3 43.Bd6 Bxa3 44.Bc7 Kc4 45.Kh5 Bf8 46.f3 Kd4 47.
g4 f4 48.Bxf4 a5 49.Bc1 Kc3 50.f4 Kc2 51.Be3 a4 52.Bd4 a3 53.f5 Kd3 54.Ba1
Ke4 55.f6 Kd5 56.Bc3 Ke6 57.Bd4 Kf7 58.Bc3 a2 59.Ba1 Ke6 60.g5 hxg5 61.
Kxg5 Bd6 62.Kh6 Kf7 63.Kg5 Bc7 0-1

[Event "50th Hastings it"]
[Site "Hastings ENG"]
[Date "1974.12.31"]
[Round "4"]
[White "Benko, Pal"]
[Black "Csom, Istvan"]
[Result "1/2-1/2"]
[WhiteElo "2510"]
[BlackElo "2540"]
[EventDate "1974.12.28"]
[WhiteTitle "GM"]
[BlackTitle "GM"]
[PlyCount "28"]

1.g3 d5 2.Nf3 c6 3.Bg2 g6 4.O-O Bg7 5.d3 Nf6 6.Nbd2 O-O 7.e4 Na6 8.Qe2 Nc7
9.e5 Nd7 10.Re1 Re8 11.c3 Nf8 12.h3 Bd7 13.Nf1 Qc8 14.Kh2 f6 1/2-1/2

[Event "50th Hastings it"]
[Site "Hastings ENG"]
[Date "1974.12.31"]
[Round "4"]
[White "Botterill, George Steven"]
[Black "Basman, Michael John"]
[Result "1-0"]
[WhiteElo "2410"]
[BlackElo "2400"]
[EventDate "1974.12.28"]
[PlyCount "139"]

1.e4 c5 2.Nf3 Nf6 3.e5 Ng8 4.d4 cxd4 5.Qxd4 Nc6 6.Qf4 f6 7.Nc3 fxe5 8.Nxe5
Nf6 9.Be3 e6 10.Be2 Be7 11.Qg3 Nxe5 12.Qxe5 O-O 13.g4 d6 14.Qg3 d5 15.
O-O-O Bb4 16.Bd4 Bxc3 17.Qxc3 Ne4 18.Qe1 e5 19.Be3 Be6 20.f3 Nd6 21.Qg3 
Nf7 22.f4 d4 23.fxe5 Rc8 24.Bxd4 Qd5 25.b3 Qc6 26.Bd3 Ng5 27.Rhf1 Nf3 28.
Bb2 b5 29.Rf2 Bd5 30.Kb1 a5 31.e6 Bxe6 32.Bf5 Ng5 33.Qe5 Rf6 34.h4 Bxf5 
35.gxf5 Ne4 36.Re2 Re8 37.Qd5+ Qxd5 38.Rxd5 Rh6 39.Rg2 Rxh4 40.Rxg7+ Kf8 
41.a3 Rh1+ 42.Ka2 Rc8 43.Rdd7 Nc3+ 44.Bxc3 Rxc3 45.Kb2 Rf3 46.Rxh7 Rxh7 
47.Rxh7 Rxf5 48.Ra7 b4 49.a4 Ke8 50.Rb7 Rf6 51.Rb5 Ra6 52.Kc1 Kd7 53.Kd2 
Rd6+ 54.Ke3 Re6+ 55.Kd4 Rd6+ 56.Ke5 Re6+ 57.Kf5 Rh6 58.Kg5 Ra6 59.Rf5 Ra8 
60.Kf4 Kc6 61.Rb5 Kc7 62.Ke4 Ra6 63.Rc5+ Kb6 64.Kd5 Ra8 65.Rc6+ Ka7 66.Kc4
Rb8 67.Kc5 Rh8 68.Kb5 Kb7 69.Rb6+ Kc7 70.Kxa5 1-0

[Event "50th Hastings it"]
[Site "Hastings ENG"]
[Date "1974.12.31"]
[Round "4"]
[White "Diesen, Mark"]
[Black "Vaganian, Rafael"]
[Result "0-1"]
[WhiteElo "2295"]
[BlackElo "2540"]
[EventDate "1974.12.28"]
[BlackTitle "GM"]
[PlyCount "108"]

1.e4 Nf6 2.e5 Nd5 3.d4 d6 4.Nf3 Bg4 5.Be2 e6 6.O-O Be7 7.h3 Bh5 8.c4 Nb6 
9.Nc3 O-O 10.Be3 d5 11.c5 Bxf3 12.gxf3 Nc8 13.f4 Bh4 14.Bd3 g6 15.Qg4 Kh8 
16.b4 Nc6 17.Rab1 h5 18.Qf3 N8e7 19.b5 Na5 20.Kh2 b6 21.f5 exf5 22.Qf4 Ng8
23.Rg1 Nc4 24.e6 Kh7 25.exf7 Rxf7 26.Qf3 Nxe3 27.fxe3 bxc5 28.dxc5 Ne7 29.
Ne2 Qh8 30.Nf4 Qe5 31.Kh1 Rf6 32.Rb4 g5 33.Nxh5 Rh6 34.Ng3 Rf8 35.Ra4 Kh8 
36.Rxa7 d4 37.Ra8 Rxa8 38.Qxa8+ Kg7 39.Qf3 dxe3 40.Nh5+ Kg6 41.Ng3 Qxc5 
42.a4 Kf7 43.a5 g4 44.Qf4 Bg5 45.Qc4+ Qxc4 46.Bxc4+ Kg6 47.Bd3 Rxh3+ 48.
Kg2 Bf4 49.Ne2 Rh2+ 50.Kf1 Kg5 51.a6 Bd6 52.a7 Rh8 53.Kg2 Ra8 54.Ra1 Bc5 
0-1

[Event "50th Hastings it"]
[Site "Hastings ENG"]
[Date "1974.12.31"]
[Round "4"]
[White "Gonzales, Guillermo Garcia"]
[Black "Hartston, William Roland"]
[Result "1/2-1/2"]
[WhiteElo "2450"]
[BlackElo "2480"]
[EventDate "1974.12.28"]
[BlackTitle "IM"]
[PlyCount "21"]

1.c4 Nf6 2.Nc3 c5 3.g3 e6 4.Nf3 b6 5.Bg2 Bb7 6.O-O Be7 7.d4 cxd4 8.Qxd4 
O-O 9.Rd1 Na6 10.Bg5 h6 11.Bxf6 1/2-1/2

[Event "50th Hastings it"]
[Site "Hastings ENG"]
[Date "1974.12.31"]
[Round "4"]
[White "Mestel, Andrew Jonathan"]
[Black "Stean, Michael Francis"]
[Result "1/2-1/2"]
[WhiteElo "2270"]
[BlackElo "2345"]
[EventDate "1974.12.28"]
[PlyCount "92"]

1.e4 c5 2.Nf3 d6 3.d4 cxd4 4.Nxd4 Nf6 5.Nc3 a6 6.Be2 Nbd7 7.f4 e5 8.fxe5 
dxe5 9.Nf5 Qb6 10.Bc4 Nc5 11.Qf3 Qb4 12.Bd3 Bxf5 13.Qxf5 Qd4 14.Bg5 Nxd3+ 
15.cxd3 Bb4 16.Rc1 Qxd3 17.Qxe5+ Kf8 18.Bxf6 Qe3+ 19.Kd1 gxf6 20.Qxf6 Rg8 
21.Rc2 Bxc3 22.Rxc3 Qxe4 23.Qd6+ Qe7 24.Qxe7+ Kxe7 25.Re1+ Kd6 26.Re2 Rg5 
27.Rd2+ Ke6 28.Rc7 b5 29.Re2+ Kf6 30.Rf2+ Kg6 31.Rfxf7 Rd8+ 32.Kc1 Rgd5 
33.Rf2 a5 34.Kc2 h5 35.Rc3 h4 36.b3 b4 37.Rc4 Kg5 38.Rc7 R8d6 39.Re7 Rc5+ 
40.Kb2 Rd1 41.Ree2 Rcc1 42.Rd2 Rb1+ 43.Kc2 Ra1 44.Rxd1 Rxa2+ 45.Kd3 Rxf2 
46.Rd2 Rf1 1/2-1/2

[Event "50th Hastings it"]
[Site "Hastings ENG"]
[Date "1974.12.31"]
[Round "4"]
[White "Miles, Anthony John"]
[Black "Beliavsky, Alexander"]
[Result "1-0"]
[WhiteElo "2410"]
[BlackElo "2460"]
[EventDate "1974.12.28"]
[WhiteTitle "IM"]
[BlackTitle "IM"]
[PlyCount "115"]

1.Nf3 Nf6 2.g3 g6 3.Bg2 Bg7 4.c4 O-O 5.Nc3 d6 6.O-O Nc6 7.d3 e5 8.Rb1 h6 
9.b4 Be6 10.b5 Ne7 11.a4 Qc8 12.Ba3 Nd7 13.Nd2 Rb8 14.Nd5 Re8 15.Ne4 f5 
16.Nec3 Kh7 17.a5 Bf7 18.Nxe7 Rxe7 19.b6 axb6 20.axb6 Ra8 21.Nb5 Nxb6 22.
Nxd6 Qe6 23.Qc1 cxd6 24.Rxb6 e4 25.Rxd6 Qe5 26.Rb6 Qa5 27.Rb3 Qa4 28.Bxe7 
Qxb3 29.Qb1 Qa4 30.Qxb7 Ra7 31.Qb4 Qd7 32.Bd6 Ra2 33.dxe4 Rb2 34.Qc5 fxe4 
35.Bxe4 Rxe2 36.Bd5 Rc2 37.Bf4 Bxd5 38.Qxd5 Qa7 39.Be3 Qa2 40.Rc1 Rxc1+ 
41.Bxc1 Qb1 42.Qd2 Bf8 43.Qb2 Qe4 44.Qc3 Bg7 45.Qb4 Bd4 46.Ba3 Qd3 47.Qb7+
Kh8 48.Qc8+ Kh7 49.Qd7+ Kh8 50.Qe8+ Kh7 51.Qf7+ Kh8 52.Be7 Bg7 53.Qd5 Qb3 
54.h4 Kh7 55.Bc5 h5 56.Be3 Qb1+ 57.Kg2 Qb3 58.Qc6 1-0

[Event "50th Hastings it"]
[Site "Hastings ENG"]
[Date "1974.12.31"]
[Round "4"]
[White "Planinc, Albin"]
[Black "Andersson, Ulf"]
[Result "1/2-1/2"]
[WhiteElo "2545"]
[BlackElo "2580"]
[EventDate "1974.12.28"]
[WhiteTitle "GM"]
[BlackTitle "GM"]
[PlyCount "124"]

1.e4 c5 2.Nf3 e6 3.d4 cxd4 4.Nxd4 Nc6 5.Nc3 Qc7 6.g3 a6 7.Bg2 d6 8.O-O Be7
9.Re1 Bd7 10.Nxc6 bxc6 11.b3 e5 12.Qd3 Nf6 13.Na4 O-O 14.c4 Be6 15.Bg5 
Rad8 16.Rad1 Rfe8 17.Qc2 Nd7 18.Bxe7 Rxe7 19.c5 Nxc5 20.Nxc5 dxc5 21.Rxd8+
Qxd8 22.Qxc5 h6 23.Bf1 Qd2 24.Re2 Qd1 25.Rc2 Rd7 26.Rc1 Qf3 27.Qxe5 Rd2 
28.Qb8+ Kh7 29.Qf4 Qxf4 30.gxf4 Rxa2 31.b4 Rb2 32.f5 Ba2 33.Rxc6 Rxb4 34.
Rxa6 Bc4 35.Bxc4 Rxc4 36.f3 Rc2 37.Ra7 Kg8 38.Ra8+ Kh7 39.Rf8 f6 40.Ra8 h5
41.h4 Rb2 42.Rc8 Ra2 43.Rc1 Rb2 44.Ra1 Kh6 45.Ra7 Rc2 46.Re7 Rb2 47.Re8 
Kh7 48.Ra8 Rc2 49.Ra1 Rb2 50.Rf1 g6 51.fxg6+ Kxg6 52.Rf2 Rb3 53.Rg2+ Kf7 
54.Kf2 Rb2+ 55.Kg3 Rb3 56.Rd2 Ra3 57.Kf4 Kg6 58.Rd6 Kf7 59.Rd5 Kg6 60.e5 
Ra4+ 61.Kg3 fxe5 62.Rxe5 Ra6 {(the game was twice adjourned)} 1/2-1/2

[Event "50th Hastings it"]
[Site "Hastings ENG"]
[Date "1975.01.02"]
[Round "5"]
[White "Andersson, Ulf"]
[Black "Gonzales, Guillermo Garcia"]
[Result "1/2-1/2"]
[WhiteElo "2580"]
[BlackElo "2450"]
[EventDate "1974.12.28"]
[WhiteTitle "GM"]
[PlyCount "81"]

1.c4 e5 2.Nc3 Nf6 3.Nf3 Nc6 4.d3 Bb4 5.Bd2 d5 6.cxd5 Nxd5 7.e3 O-O 8.Be2 
Be6 9.Qc2 Nb6 10.a3 Be7 11.b4 a6 12.Ne4 Nd7 13.Bc3 f5 14.Ned2 Bf6 15.Rb1 
Qe8 16.a4 Qg6 17.O-O f4 18.Kh1 fxe3 19.fxe3 Qh6 20.b5 axb5 21.axb5 Ne7 22.
e4 Ng6 23.Nc4 Nf4 24.Bd2 g5 25.Ng1 Be7 26.Be3 Qg7 27.g3 Nxe2 28.Qxe2 Bc5 
29.Rxf8+ Rxf8 30.Bxc5 Nxc5 31.b6 cxb6 32.Rxb6 Qc7 33.Rb4 h6 34.Nb2 Nb3 35.
Nc4 Nc5 36.Nb2 Qa5 37.Rc4 Bxc4 38.Nxc4 Qc7 39.Nf3 Nd7 40.Kg2 b5 41.Ne3 
1/2-1/2

[Event "50th Hastings it"]
[Site "Hastings ENG"]
[Date "1975.01.02"]
[Round "5"]
[White "Beliavsky, Alexander"]
[Black "Diesen, Mark"]
[Result "1-0"]
[WhiteElo "2460"]
[BlackElo "2295"]
[EventDate "1974.12.28"]
[WhiteTitle "IM"]
[PlyCount "111"]

1.e4 e5 2.Nf3 Nc6 3.Bb5 a6 4.Ba4 Nf6 5.O-O Be7 6.Re1 b5 7.Bb3 d6 8.c3 O-O 
9.h3 Na5 10.Bc2 c5 11.d4 Qc7 12.Nbd2 cxd4 13.cxd4 Bb7 14.Nf1 Rac8 15.Re2 
d5 16.dxe5 Nxe4 17.Ng3 f5 18.exf6 Bxf6 19.Nxe4 dxe4 20.Bxe4 Rcd8 21.Qe1 
Nc4 22.Ng5 Bxg5 23.Bxg5 Rd7 24.Bxb7 Qxb7 25.b3 Nb6 26.Re8 Qd5 27.Qe6+ Qxe6
28.Rxe6 Nd5 29.Rxa6 h6 30.Bh4 Nc3 31.f3 Ne2+ 32.Kh2 Rd2 33.Be1 Rb2 34.Rd6 
Rc8 35.Rd2 Rcc2 36.Rxc2 Rxc2 37.Bg3 Nc1 38.Be5 g5 39.h4 Kf7 40.Kh3 Kg6 41.
a3 Kf5 42.Bd6 Ke6 43.Bf8 Nd3 44.Rg1 Nf4+ 45.Kg4 Nxg2 46.Bxh6 gxh4 47.Kh3 
Rf2 48.b4 Rxf3+ 49.Kxg2 Rxa3 50.Bf8 Kf5 51.Rd1 Rg3+ 52.Kh2 Ke4 53.Bc5 Rf3 
54.Rd4+ Ke3 55.Rxh4+ Kd2 56.Kg2 1-0

[Event "50th Hastings it"]
[Site "Hastings ENG"]
[Date "1975.01.02"]
[Round "5"]
[White "Hartston, William Roland"]
[Black "Botterill, George Steven"]
[Result "1/2-1/2"]
[WhiteElo "2480"]
[BlackElo "2410"]
[EventDate "1974.12.28"]
[WhiteTitle "IM"]
[PlyCount "95"]

1.e4 d6 2.d4 g6 3.Nc3 Bg7 4.Be3 c6 5.Qd2 Nd7 6.O-O-O b5 7.Nf3 Qa5 8.Kb1 
Nb6 9.Bd3 Bg4 10.e5 Bxf3 11.gxf3 b4 12.Ne2 Nd5 13.f4 e6 14.Nc1 Qc7 15.h4 
h5 16.Ne2 Rb8 17.Ka1 Nge7 18.Ng3 a5 19.Rhg1 Bf8 20.c4 bxc3 21.bxc3 Nf5 22.
c4 Nb4 23.Nxf5 exf5 24.Be2 c5 25.a3 Nc6 26.d5 Nd4 27.Bxd4 cxd4 28.Rb1 Bg7 
29.Rxb8+ Qxb8 30.Rb1 Qa7 31.Rb5 O-O 32.Ka2 dxe5 33.fxe5 Bxe5 34.c5 Qe7 35.
d6 Qxh4 36.Bc4 a4 37.Rb7 d3 38.f4 Bxf4 39.Qxd3 Qf2+ 40.Qe2 Qxc5 41.Bxf7+ 
Kh8 42.Re7 Rxf7 43.Qb2+ Kg8 44.Re8+ Rf8 45.Rxf8+ Kxf8 46.Qf6+ Kg8 47.Qxg6+
Kh8 48.Qf6+ 1/2-1/2

[Event "50th Hastings it"]
[Site "Hastings ENG"]
[Date "1975.01.02"]
[Round "5"]
[White "Hort, Vlastimil"]
[Black "Mestel, Andrew Jonathan"]
[Result "1/2-1/2"]
[WhiteElo "2600"]
[BlackElo "2270"]
[EventDate "1974.12.28"]
[WhiteTitle "GM"]
[PlyCount "152"]

1.d4 g6 2.c4 Bg7 3.Nc3 d6 4.Nf3 e5 5.g3 Nd7 6.e4 Nh6 7.Bg2 O-O 8.O-O c6 9.
Re1 Qc7 10.h3 f5 11.exf5 gxf5 12.c5 exd4 13.cxd6 Qxd6 14.Bf4 Qf6 15.Nxd4 
Qxd4 16.Qxd4 Bxd4 17.Bxh6 Bg7 18.Bxg7 Kxg7 19.Rad1 Nb6 20.Bf3 Rf6 21.Re7+ 
Rf7 22.Re2 Rf6 23.Re7+ Rf7 24.Re2 Rf6 25.Bh5 Be6 26.f4 Bf7 27.Bxf7 Kxf7 
28.Rde1 Kf8 29.Re7 Rf7 30.Rxf7+ Kxf7 31.Re5 Kf6 32.g4 fxg4 33.hxg4 Rf8 34.
Kg2 Nc4 35.Ne4+ Kg7 36.Re7+ Rf7 37.Rxf7+ Kxf7 38.b3 Na5 39.Kg3 b6 40.Kh4 
Nb7 41.Kh5 Kg7 42.f5 c5 43.f6+ Kg8 44.Kh6 Nd8 45.Nd6 a6 46.a4 Ne6 47.f7+ 
Kf8 48.Kxh7 b5 49.Nxb5 Kxf7 50.Nd6+ Kf6 51.Kh6 Ke5 52.Nb7 Kd4 53.Kg6 c4 
54.bxc4 Kxc4 55.Kf6 Kd5 56.Ke7 Nf4 57.g5 Ng6+ 58.Kf6 Nf4 59.Kf5 Ng2 60.Nd8
Ne3+ 61.Kf6 Ng4+ 62.Kf5 Ne5 63.Kf6 Ng4+ 64.Ke7 Ne5 65.Ke8 Ke4 66.Nf7 Ng6 
67.Kd7 Kf5 68.a5 Nf4 69.Nd6+ Kxg5 70.Ne4+ Kf5 71.Nc5 Ke5 72.Nxa6 Kd5 73.
Kc7 Kc4 74.Nb8 Kb5 75.a6 Ne6+ 76.Kd6 Kb6 1/2-1/2

[Event "50th Hastings it"]
[Site "Hastings ENG"]
[Date "1975.01.02"]
[Round "5"]
[White "Stean, Michael Francis"]
[Black "Miles, Anthony John"]
[Result "1/2-1/2"]
[WhiteElo "2345"]
[BlackElo "2410"]
[EventDate "1974.12.28"]
[BlackTitle "IM"]
[PlyCount "102"]

1.e4 c5 2.Nf3 d6 3.Bb5+ Bd7 4.Bxd7+ Qxd7 5.c4 Nc6 6.d4 cxd4 7.Nxd4 g6 8.
Nc3 Bg7 9.Be3 Nf6 10.f3 O-O 11.O-O Rac8 12.b3 Rfd8 13.Qd2 e6 14.Rfd1 d5 
15.exd5 exd5 16.c5 Ne5 17.Ndb5 Bf8 18.Nxa7 Rxc5 19.Bd4 Qf5 20.Re1 Re8 21.
Re2 Rxc3 22.Qxc3 Nxf3+ 23.Qxf3 Qxf3 24.gxf3 Rxe2 25.Bxf6 Bc5+ 26.Kh1 Bxa7 
27.Rc1 Re8 28.Rc7 Rb8 29.Rd7 d4 30.a4 Bc5 31.Bxd4 Bxd4 32.Rxd4 Kf8 33.Rb4 
Ke7 34.Rb6 Kd7 35.Kg2 f5 36.Kg3 Kc7 37.Rf6 b5 38.Rf7+ Kd6 39.Rxh7 bxa4 40.
bxa4 Ra8 41.Rg7 Rxa4 42.Rxg6+ Ke5 43.h4 Ra1 44.f4+ Kd5 45.h5 Rh1 46.Rh6 
Rg1+ 47.Kf2 Rh1 48.Kg2 Rh4 49.Kg3 Rh1 50.Rh8 Ke6 51.h6 Kf7 1/2-1/2